| Tag |
First Indicator |
Second Indicator |
Subfields |
| LEADER |
00000pam a2200000 i 4500 |
| 001 |
in00000601421 |
| 005 |
20151014161111.0 |
| 008 |
760730s1977 nyua 00110 eng |
| 010 |
|
|
|a 76028190
|
| 020 |
|
|
|a 0070352070
|
| 035 |
|
|
|a (OCoLC)02388176
|
| 035 |
|
|
|9 ACS0406AM
|
| 040 |
|
|
|a DLC
|c DLC
|d TXA
|d UtOrBLW
|
| 049 |
|
|
|a TXAM
|c [1433534]
|
| 050 |
0 |
0 |
|a T359
|b .K55
|
| 082 |
0 |
|
|a 604/.2
|
| 100 |
1 |
|
|a Knowlton, Kenneth W.
|
| 245 |
1 |
0 |
|a Technical freehand drawing and sketching /
|c Kenneth W. Knowlton, Robert A. Beauchemin, Patrick J. Quinn.
|
| 264 |
|
1 |
|a New York :
|b Gregg Division, McGraw-Hill,
|c [1977]
|
| 264 |
|
4 |
|c ©1977
|
| 300 |
|
|
|a 314 pages :
|b illustrations ;
|c 28 cm.
|
| 336 |
|
|
|a text
|b txt
|2 rdacontent
|
| 337 |
|
|
|a unmediated
|b n
|2 rdamedia
|
| 338 |
|
|
|a volume
|b nc
|2 rdacarrier
|
| 500 |
|
|
|a Includes index.
|
| 650 |
|
0 |
|a Freehand technical sketching.
|
| 700 |
1 |
|
|a Beauchemin, Robert A.
|
| 700 |
1 |
|
|a Quinn, Patrick J.
|
| 999 |
|
|
|a MARS
|
| 999 |
f |
f |
|s 82d7dd96-0850-32a0-8efa-6a3780d07e8e
|i 6149867e-e9c0-3f3d-9f9d-b320a6f55c04
|t 0
|
| 952 |
f |
f |
|p normal
|a Texas A&M University
|b College Station
|c Sterling C. Evans Library
|d Evans: Library Stacks
|t 0
|e T359 .K55
|h Library of Congress classification
|i unmediated -- volume
|m A14805279237
|
| 998 |
f |
f |
|a T359 .K55
|t 0
|l Evans: Library Stacks
|